Вулканогенно-осадочный литогенез рифейских отложений Игарско-Туруханского района

Detalles Bibliográficos
Autor Principal: Гёлецян Г. Г. Генрик Грайорович
Autor Corporativo: Академия наук СССР (АН СССР) Сибирское отделение (СО) Институт геологии и геофизики (ИГиГ)
Outros autores: Казанский Ю. П. Юрий Петрович (редактор)
Summary:Работа посвящена петрографо-минералогической характеристике метаморфизованных вулканогенно-осадочных толщ Игарско-Туруханского района. В ней детально расшифрован первичный состав пород, выявлена зональность вторичных изменений с выделением трёх зон стадийного изменения пород: глубинного эпигенеза - раннего метагенеза; среднетемпературных пропилитов - хлорит-мусковитовой субфации зелёных сланцев; биотитовой субфации зелёных сланцев. На основе составленных палеогеографических схем Игарского района сделан вывод о существовании в рифее геосинклинальных прогибов, в которых широко проявились вулканические процессы (подводные и субаэральные), контролировавшиеся Енисейской зоной глубинных разломов. Рассмотрены закономерности развития вулканизма и его влияние на процессы рифейского литогенеза в Игарско-Туруханском районе. Работа рассчитана на широкий круг геологов, литологов, интересующихся вопросами вулканогенно-осадочного литогенеза
Idioma:ruso
Publicado: Новосибирск, Наука, 1974
Series:Труды Института геологии и геофизики Вып. 197
Subjects:
Formato: MixedMaterials Libro
KOHA link:https://koha.lib.tpu.ru/cgi-bin/koha/opac-detail.pl?biblionumber=377234

MARC

LEADER 00000nam0a2200000 4500
001 377234
005 20231102012908.0
035 |a (RuTPU)RU\TPU\retro\34683 
035 |a RU\TPU\retro\34681 
090 |a 377234 
100 |a 20230214d1974 k y0rusy5003 ca 
101 0 |a rus 
102 |a RU 
105 |a a z 001zy 
200 1 |a Вулканогенно-осадочный литогенез рифейских отложений Игарско-Туруханского района  |f Г. Г. Гёлецян  |g Академия наук СССР (АН СССР), Сибирское отделение (СО), Институт геологии и геофизики (ИГиГ) ; отв. ред. Ю. П. Казанский 
210 |a Новосибирск  |c Наука  |d 1974 
215 |a 168 с.  |c ил. 
225 1 |a Труды Института геологии и геофизики  |v Вып. 197 
320 |a Библиогр.: с. 132-138. 
330 |a Работа посвящена петрографо-минералогической характеристике метаморфизованных вулканогенно-осадочных толщ Игарско-Туруханского района. В ней детально расшифрован первичный состав пород, выявлена зональность вторичных изменений с выделением трёх зон стадийного изменения пород: глубинного эпигенеза - раннего метагенеза; среднетемпературных пропилитов - хлорит-мусковитовой субфации зелёных сланцев; биотитовой субфации зелёных сланцев. На основе составленных палеогеографических схем Игарского района сделан вывод о существовании в рифее геосинклинальных прогибов, в которых широко проявились вулканические процессы (подводные и субаэральные), контролировавшиеся Енисейской зоной глубинных разломов. Рассмотрены закономерности развития вулканизма и его влияние на процессы рифейского литогенеза в Игарско-Туруханском районе. Работа рассчитана на широкий круг геологов, литологов, интересующихся вопросами вулканогенно-осадочного литогенеза 
606 1 |a Рифейские отложения  |2 stltpush  |3 (RuTPU)RU\TPU\subj\25248  |9 49451 
610 1 |a докембрий 
610 1 |a петрография 
610 1 |a вулканогенные породы 
610 1 |a вторичные изменения 
610 1 |a вулканизм 
610 1 |a осадконакопление 
675 |a 551.72  |z rus  |v 3 
700 1 |a Гёлецян  |b Г. Г.  |g Генрик Грайорович 
702 1 |a Казанский  |b Ю. П.  |g Юрий Петрович  |4 340 
712 0 2 |a Академия наук СССР (АН СССР)  |b Сибирское отделение (СО)  |b Институт геологии и геофизики (ИГиГ)  |c (Новосибирск)  |2 stltpush  |3 (RuTPU)RU\TPU\col\128 
801 0 |a RU  |b 63413507  |c 19950704  |g psbo 
801 1 |a RU  |b 63413507  |c 20171006 
801 2 |a RU  |b 63413507  |c 20230214  |g RCR 
942 |c BK